000 00711nam a2200289Ia 4500
005 20260324125048.0
008 008 260324s9999 xx 000 0 eng d
020 _a9781315602813
037 _aEBOOK
040 _aCRL
040 _beng
040 _cCRL
041 _2eng
041 _aeng
084 _qCRL
100 _aJoel D. Lieberman; Daniel A. Krauss
_91176547
245 0 _aPsychological Expertise in Court
245 0 _bPsychology in the Courtroom, Volume II
260 _bTaylor and Francis
260 _c2009
365 _a
365 _b240
856 _uhttp://www.taylorfrancis.com/books/9781315602813
942 _cEBOOK
999 _c1771477
_d1771477